Statistiques concernant Communes desservies par le réseau Tisséo (Toulouse) avec carte

Cliquez ici pour prendre le quiz!

Statistiques générales

  • Ce quiz a été pris 221 fois
  • Le résultat moyen est 35 sur 108

Réponses sur la Carte

Les réponses sont colorées sur une échelle allant du rouge au vert en fonction du pourcentage des utilisateurs qui les ont devinées à leur premier essai. Vous pouvez retrouver ces pourcentages ci-dessous.
Chargement ...
 

Statistiques - réponses

Commune% Correct
Toulouse
97%
Blagnac
78%
Muret
78%
Balma
75%
Tournefeuille
73%
Colomiers
71%
Ramonville-Saint-Agne
71%
Portet-Sur-Garonne
60%
Aucamville
58%
Cugnaux
57%
Castanet-Tolosan
56%
L'Union
56%
Labege
56%
Plaisance-Du-Touch
53%
Vieille-Toulouse
51%
Roques
49%
Fenouillet
47%
Saint-Jean
46%
Saint-Orens-De-Gameville
46%
Auzeville-Tolosane
46%
Pibrac
45%
Cornebarrieu
44%
Quint-Fonsegrives
43%
Seysses
41%
Frouzins
40%
Pins-Justaret
40%
Villeneuve-Tolosane
38%
Saint-Lys
38%
Fonsorbes
37%
Roquettes
37%
Seilh
37%
Aussonne
37%
Saint-Jory
36%
Labarthe-Sur-Leze
36%
Brax
35%
Beauzelle
35%
Launaguet
35%
Pinsaguel
34%
La Salvetat-Saint-Gilles
33%
Mondonville
33%
Escalquens
33%
Castelginest
32%
Pin-Balma
32%
Montgiscard
31%
Baziege
31%
Saint-Alban
31%
Pechbonnieu
30%
Montrabe
30%
Gagnac-Sur-Garonne
29%
Deyme
29%
Castelmaurou
29%
Fonbeauzard
27%
Dremil-Lafage
27%
Pechbusque
27%
Pechabou
27%
Eaunes
27%
Pompertuzat
26%
Saint-Thomas
26%
Le Fauga
26%
Lespinasse
26%
Lacroix-Falgarde
26%
Rebigue
25%
Rouffiac-Tolosan
25%
Mervilla
25%
Aureville
25%
Labastidette
25%
Aigrefeuille
24%
Gratentour
24%
Lamasquere
24%
Donneville
23%
Mons
23%
Vigoulet-Auzil
23%
Ayguesvives
22%
Bruguieres
22%
Saint-Hilaire
22%
Auzielle
22%
Saiguede
22%
Villate
22%
Saint-Loup-Cammas
22%
Belberaud
21%
Beaupuy
21%
Sabonneres
21%
Empeaux
21%
Espanes
21%
Goyrans
21%
Flourens
21%
Odars
20%
Montberon
20%
Montbrun-Lauragais
20%
Montlaur
20%
Saint-Genies-Bellevue
20%
Issus
20%
Clermont-Le-Fort
20%
Corronsac
19%
Lavernose-Lacase
19%
Bonrepos-Sur-Ausssonnelle
19%
Labastide-Beauvoir
16%
Noueilles
15%
Mondouzil
15%
Saubens
15%
Saint-Clar-De-Riviere
15%
Belbeze-De-Lauragais
14%
Bragayrac
14%
Lauzerville
12%
Varennes
12%
Pouze
11%
Lapeyrouse-Fossat
10%
Fourquevaux
8%

Distribution des résultats

Percentile par nombre de réponses

% des personnes avec chaque résultat

Votre développement - résultats

Vous n’avez pas pris ce quiz